000 00241nam a2200109Ia 4500
003 GCL
008 140319s9999 xx 000 0 eng d
040 _aGCL /
_cGCL
082 0 4 _aVIDEO
_b137
245 1 0 _aWRITER'S BLOCK
260 _a[S.N] :
_bNONE
999 _c18722
_d18722